Statystyki dla Wyspy Kanady na mapie

Kliknij tutaj aby rozwiązać quiz!

Ogólne statystyki

  • Ten quiz został rozwiązany 11 razy
    (3 od ostatniego zresetowania)
  • Średni wynik to 4 z 11

Odpowiedzi na mapie

Odpowiedzi skodowane kolorowo w zielono-czerwonej skali na mapie do tego quizu, zgodnie z poniższymi procentami.
 

Statystyki odpowiedzi

Wyspa% Poprawnych
Księcia Edwarda
100%
Banksa
67%
Nowa Fundlandia
67%
Wiktorii
67%
Ziemia Baffina
67%
Vancouver
33%
Anticosti
0%
Axela Heiberga
0%
Cape Breton
0%
Devon
0%
Ellesmere'a
0%

Rozkład punktacji

Percentyl według liczby udzielonych odpowiedzi

Procent ludzi z każdym wynikiem

Twoja historia wyników

Nie rozwiązałeś tego quizu od ostatniego zresetowania